| 000 | 00463nam a22001577a 4500 | ||
|---|---|---|---|
| 999 |
_c8907 _d8907 |
||
| 003 | GBCCL | ||
| 005 | 20241126110701.0 | ||
| 008 | 220121b ||||| |||| 00| 0 eng d | ||
| 040 | _cGBC | ||
| 082 |
_a266 _bINT |
||
| 245 |
_aIntegral mission : _bholistic understanding of creation care / _cRev, Dr Phanenmo Kath , Consultant |
||
| 260 |
_aDelhi: _bChristian World Imprints, _c2021. |
||
| 300 | _a107p. ; | ||
| 650 |
_aIntegral mission _99889 |
||
| 942 |
_2ddc _cBK _018 |
||